[Event "Tashkent UzChess Masters 2nd"]
[Site "Tashkent"]
[Date "2025.06.27"]
[Round "9"]
[White "Erigaisi, Arjun Kumar"]
[Black "Aravindh, Chithambaram VR"]
[Result "1/2-1/2"]
[WhiteElo "2782"]
[BlackElo "2749"]
[PlyCount "84"]
[EventDate "2025.06.18"]
[EventType "tourn"]
[EventRounds "9"]
[EventCountry "UZB"]
[EventCategory "19"]
[SourceTitle "CB27_2025"]
[SourceDate "2025.07.02"]
[SourceVersion "1"]
[SourceVersionDate "2025.07.02"]
[SourceQuality "1"]

1. e4 e5 2. Nf3 Nc6 3. d4 exd4 4. Nxd4 Nf6 5. Nxc6 bxc6 6. Qe2 d5 7. exd5+ Be7 8. dxc6 0-0 9. Nc3 Bb4 10. Qd3 Qe7+ 11. Be2 Re8 12. Be3 Rd8 13. Qc4 Nd5 14. 0-0 Bxc3 15. Bc5 Qg5 16. h4 Qe5 17. bxc3 Nxc3 18. Bf3 Be6 19. Qb4 a5 20. Qa3 Ne2+ 21. Kh1 Nd4 22. Rfe1 Qf5 23. Bxd4 Rxd4 24. Qe7 h6 25. Qxc7 Rxh4+ 26. Kg1 Rc8 27. Qe5 Qxe5 28. Rxe5 Ra4 29. a3 Kf8 30. Rb5 g5 31. g3 Ke7 32. Rb7+ Kf6 33. Ra7 h5 34. c3 Rc4 35. Rxa5 Rxc3 36. Bxh5 g4 37. Re1 R8xc6 38. Re4 R6c4 39. Rxc4 Rxc4 40. f3 Rc3 41. fxg4 Bxg4 42. Bxg4 Rxg3+ 1/2-1/2

[Event "GER CupT"]
[Site "Augsburg"]
[Date "2025.06.14"]
[Round "1.1"]
[White "Aravindh, Chithambaram VR"]
[Black "Vuckovic, Zarko"]
[Result "0-1"]
[WhiteElo "2749"]
[BlackElo "2384"]
[PlyCount "108"]
[EventDate "2025.06.14"]
[EventType "team-k.o."]
[EventRounds "5"]
[EventCountry "GER"]
[SourceTitle "CB25_2025"]
[SourceDate "2025.06.18"]
[SourceVersion "1"]
[SourceVersionDate "2025.06.18"]
[SourceQuality "1"]
[WhiteTeam "Viernheim"]
[BlackTeam "Augsburg"]
[WhiteTeamCountry "GER"]
[BlackTeamCountry "GER"]

1. d4 Nf6 2. c4 e6 3. Nc3 Bb4 4. e3 0-0 5. Bd2 Re8 6. Nf3 d6 7. a3 Bxc3 8. Bxc3 Ne4 9. Rc1 Qe7 10. Be2 e5 11. 0-0 Nxc3 12. Rxc3 c5 13. d5 f5 14. Nd2 Nd7 15. Qb1 Nf6 16. b4 e4 17. bxc5 dxc5 18. a4 Qe5 19. Rb3 Re7 20. a5 Ne8 21. Rb5 Rc7 22. Nb3 Qd6 23. Nc1 Qh6 24. Nb3 Qd6 25. Na1 Qh6 26. Qb2 Nd6 27. Qe5 Bd7 28. Rb3 Re8 29. Qg3 Rf8 30. h4 f4 31. exf4 Rxf4 32. h5 Nf5 33. Qh2 Nd4 34. Rb2 Qg5 35. Bd1 Bg4 36. Nc2 Rcf7 37. Nxd4 cxd4 38. Qg3 Qxh5 39. d6 Qg5 40. d7 h5 41. Rxb7 Rf8 42. Rb5 Qd8 43. Bxg4 hxg4 44. Rd5 e3 45. Rd1 exf2+ 46. Kf1 Re4 47. R5xd4 Rxd4 48. Rxd4 Qxa5 49. Rd1 Qh5 50. Ke2 Qf5 51. Kf1 Qh7 52. Qf4 Qh1+ 53. Ke2 Qxd1+ 54. Kxd1 f1Q+ 0-1

[Event "Jermuk Avagyan Memorial"]
[Site "Jermuk"]
[Date "2025.06.06"]
[Round "9"]
[White "Hakobyan, Aram"]
[Black "Aravindh, Chithambaram VR"]
[Result "0-1"]
[WhiteElo "2620"]
[BlackElo "2749"]
[PlyCount "104"]
[EventDate "2025.05.29"]
[EventType "tourn"]
[EventRounds "9"]
[EventCountry "ARM"]
[EventCategory "17"]
[SourceTitle "CB24_2025"]
[SourceDate "2025.06.11"]
[SourceVersion "1"]
[SourceVersionDate "2025.06.11"]
[SourceQuality "1"]

1. d4 d5 2. c4 e6 3. Nc3 h6 4. Nf3 Nf6 5. Bf4 Bd6 6. Bxd6 Qxd6 7. e3 0-0 8. Rc1 a6 9. a3 dxc4 10. Bxc4 b5 11. Bd3 Bb7 12. e4 Qb6 13. 0-0 Rd8 14. b4 Nc6 15. Ne2 a5 16. Rc5 axb4 17. axb4 Ra3 18. Qd2 e5 19. Rxb5 Qa7 20. Rc5 Nd7 21. Rd5 Ne7 22. Ra5 Rxa5 23. bxa5 exd4 24. a6 Bxa6 25. Ra1 Nc5 26. Bxa6 Rd6 27. Nexd4 Rxa6 28. Rxa6 Qxa6 29. Nc2 Nxe4 30. Qd8+ Kh7 31. Qxe7 Qe2 32. h4 Qxf2+ 33. Kh2 Qxc2 34. Qxf7 Nf6 35. Qe6 c5 36. Kh3 c4 37. Ne5 Qe4 38. g4 Nd5 39. Qf5+ Qxf5 40. gxf5 c3 41. Nd3 Ne3 42. h5 Nxf5 43. Kg4 Ne3+ 44. Kf3 Nd5 45. Ke4 Nf6+ 46. Kd4 c2 47. Kc3 Nxh5 48. Kxc2 Kg6 49. Kd2 Kf5 50. Ke3 g5 51. Kf3 Nf6 52. Nc5 h5 0-1

[Event "Jermuk Avagyan Memorial"]
[Site "Jermuk"]
[Date "2025.05.30"]
[Round "2"]
[White "Hovhannisyan, Robert"]
[Black "Aravindh, Chithambaram VR"]
[Result "1/2-1/2"]
[WhiteElo "2635"]
[BlackElo "2749"]
[PlyCount "65"]
[EventDate "2025.05.29"]
[EventType "tourn"]
[EventRounds "9"]
[EventCountry "ARM"]
[EventCategory "17"]
[SourceTitle "CB24_2025"]
[SourceDate "2025.06.11"]
[SourceVersion "1"]
[SourceVersionDate "2025.06.11"]
[SourceQuality "1"]

1. e4 c5 2. Nf3 Nc6 3. d4 cxd4 4. Nxd4 Nf6 5. Nc3 d6 6. Bg5 e6 7. Qd2 Be7 8. 0-0-0 a6 9. f4 Bd7 10. Nf3 b5 11. Bxf6 gxf6 12. f5 h5 13. Kb1 Qa5 14. Bd3 0-0-0 15. Ne2 Qxd2 16. Rxd2 h4 17. a4 Ne5 18. Nfd4 Nxd3 19. cxd3 e5 20. Nc2 d5 21. Ne3 d4 22. Nd5 Bd6 23. Nxf6 bxa4 24. Rc1+ Kb7 25. Nxd7 Rxd7 26. Rc4 f6 27. Rxa4 Rg7 28. g3 hxg3 29. Nxg3 Rgh7 30. Nf1 Rg8 31. Ng3 Rgh8 32. Nf1 Rg8 33. Ng3 1/2-1/2

[Event "Titled Tuesday intern op 20th May Late"]
[Site "Chess.com INT"]
[Date "2025.05.20"]
[Round "2"]
[White "Aravindh, Chithambaram VR"]
[Black "Ristic, Nebojsa M"]
[Result "1-0"]
[WhiteElo "2749"]
[BlackElo "2248"]
[PlyCount "53"]
[EventDate "2025.05.20"]
[EventType "swiss (blitz)"]
[EventRounds "11"]
[EventCountry "USA"]
[SourceTitle "CB22_2025"]
[SourceDate "2025.05.28"]
[SourceVersion "1"]
[SourceVersionDate "2025.05.28"]
[SourceQuality "1"]

1. c4 Nf6 2. Nc3 g6 3. e4 d6 4. d4 Bg7 5. Be2 0-0 6. Be3 e5 7. d5 a5 8. g4 Na6 9. g5 Nd7 10. h4 f5 11. Nf3 Ndc5 12. Nd2 f4 13. Bxc5 Nxc5 14. Qc2 c6 15. 0-0-0 cxd5 16. Nxd5 Be6 17. Kb1 Rc8 18. Nc3 Qe7 19. Bf1 Qf7 20. Bh3 Bxh3 21. Rxh3 Ne6 22. Qd3 Nd4 23. Nd5 b5 24. cxb5 Rc5 25. Nb3 Nxb3 26. Qxb3 Qd7 27. Nf6+ 1-0

[Event "Titled Tuesday intern op 20th May Late"]
[Site "Chess.com INT"]
[Date "2025.05.20"]
[Round "1"]
[White "Tayar, Jonathan"]
[Black "Aravindh, Chithambaram VR"]
[Result "1-0"]
[WhiteElo "2325"]
[BlackElo "2749"]
[PlyCount "77"]
[EventDate "2025.05.20"]
[EventType "swiss (blitz)"]
[EventRounds "11"]
[EventCountry "USA"]
[SourceTitle "CB22_2025"]
[SourceDate "2025.05.28"]
[SourceVersion "1"]
[SourceVersionDate "2025.05.28"]
[SourceQuality "1"]

1. e4 c5 2. Nf3 a6 3. c4 Nc6 4. d4 cxd4 5. Nxd4 e6 6. Nc3 Qc7 7. a3 Nf6 8. Be3 b6 9. Rc1 Bb7 10. Nd5 exd5 11. cxd5 Bc5 12. dxc6 dxc6 13. b4 Bxd4 14. Qxd4 0-0 15. f3 c5 16. bxc5 Rfd8 17. Qc3 Rac8 18. Bc4 bxc5 19. 0-0 Rd7 20. Rcd1 Rcd8 21. Rxd7 Rxd7 22. Bg5 Qd8 23. e5 h6 24. Bxf6 gxf6 25. e6 Rd4 26. exf7+ Kg7 27. Re1 Bc6 28. Be6 Qd6 29. Bc4 Bd5 30. Bxd5 Qxd5 31. f8Q+ Kxf8 32. Qe3 Kg7 33. Qe7+ Kg6 34. Qe8+ Qf7 35. Qc8 Rd5 36. h3 Qd7 37. Qg8+ Qg7 38. Qxd5 Qc7 39. Qg8+ 1-0

[Event "Chess.com Classic Play In"]
[Site "Chess.com INT"]
[Date "2025.05.19"]
[Round "5"]
[White "Aravindh, Chithambaram VR"]
[Black "Atabayev, Saparmyrat"]
[Result "0-1"]
[WhiteElo "2749"]
[BlackElo "2515"]
[PlyCount "184"]
[EventDate "2025.05.19"]
[EventType "swiss (blitz)"]
[EventRounds "9"]
[EventCountry "USA"]
[SourceTitle "CB21_2025"]
[SourceDate "2025.05.21"]
[SourceVersion "1"]
[SourceVersionDate "2025.05.21"]
[SourceQuality "1"]

1. d4 d5 2. Nf3 Nf6 3. Bf4 Bf5 4. e3 e6 5. Bd3 Bxd3 6. Qxd3 Nbd7 7. Nbd2 Bd6 8. Bg3 0-0 9. c4 Qe7 10. Bxd6 cxd6 11. 0-0 dxc4 12. Nxc4 Rfc8 13. a3 Rc7 14. Rfc1 Rac8 15. Qf1 Ne4 16. Ncd2 Nxd2 17. Nxd2 Nb6 18. Qd1 d5 19. g3 h6 20. h4 Qd7 21. Nb3 Na4 22. Qd2 Qb5 23. Rxc7 Rxc7 24. Qb4 a6 25. Rb1 Rc2 26. h5 b6 27. Qxb5 axb5 28. Kf1 Kf8 29. Na1 Rxb2 30. Rxb2 Nxb2 31. Nc2 Nc4 32. Ke2 Ke7 33. Kd3 Kf6 34. e4 Kg5 35. exd5 exd5 36. Nb4 Nxa3 37. Nxd5 Nc4 38. Kc3 Kxh5 39. Kb4 Nd6 40. f3 Kg5 41. Nxb6 Kf6 42. Kc5 Ke6 43. Nd5 Kd7 44. Nf4 b4 45. Kxb4 Nf5 46. Nh5 g6 47. Nf6+ Ke6 48. Ne4 Nxd4 49. f4 Ne2 50. Kc4 f5 51. Nc5+ Kf7 52. Kd3 Nxg3 53. Ke3 Nh5 54. Nd3 Nf6 55. Ne5+ Kg7 56. Kf3 Ng8 57. Nc4 Ne7 58. Ne5 Kf6 59. Nd7+ Ke6 60. Nc5+ Kf7 61. Nd7 Nc6 62. Nc5 Ke7 63. Nd3 Kd6 64. Nf2 Kd5 65. Nd1 Nd4+ 66. Kg3 Ke4 67. Nc3+ Kd3 68. Nd5 Nc6 69. Kf3 Kd4 70. Nc7 Kc5 71. Ne8 Ne7 72. Nc7 Kd6 73. Nb5+ Ke6 74. Nc3 Kf6 75. Ne2 g5 76. fxg5+ hxg5 77. Ng3 Ng6 78. Nh5+ Ke5 79. Ng3 g4+ 80. Kf2 f4 81. Ne2 Ke4 82. Nc3+ Kf5 83. Nd5 Nh4 84. Ne7+ Ke4 85. Nc8 g3+ 86. Kg1 f3 87. Nd6+ Kf4 88. Nc4 Nf5 89. Nd2 Ne3 90. Nxf3 Kxf3 91. Kh1 Ng4 92. Kg1 Ne5 0-1

[Event "Chess.com Classic Play In"]
[Site "Chess.com INT"]
[Date "2025.05.19"]
[Round "1"]
[White "Aravindh, Chithambaram VR"]
[Black "Shimanov, Aleksandr"]
[Result "1-0"]
[WhiteElo "2749"]
[BlackElo "2578"]
[PlyCount "101"]
[EventDate "2025.05.19"]
[EventType "swiss (blitz)"]
[EventRounds "9"]
[EventCountry "USA"]
[SourceTitle "CB21_2025"]
[SourceDate "2025.05.21"]
[SourceVersion "1"]
[SourceVersionDate "2025.05.21"]
[SourceQuality "1"]

1. d4 d5 2. Nf3 Nf6 3. Bf4 c5 4. e3 Qb6 5. dxc5 Qxc5 6. Nbd2 e6 7. a3 Bd6 8. b4 Qc7 9. Bxd6 Qxd6 10. c4 0-0 11. Bd3 e5 12. cxd5 Qxd5 13. Bc4 Qd6 14. Nb3 Qe7 15. h3 Nbd7 16. 0-0 Nb6 17. Be2 Nbd5 18. Qc2 b6 19. Rac1 Bb7 20. Qb2 e4 21. Nfd2 Rac8 22. Nd4 Rfd8 23. Nf5 Qe6 24. Bg4 Qe8 25. Nc4 Qf8 26. Be2 g6 27. Nd4 Qe7 28. Rc2 Nc7 29. Rfc1 Ne6 30. Nxe6 Qxe6 31. Ne5 Rxc2 32. Rxc2 Bd5 33. b5 Nd7 34. Nc6 Bxc6 35. Bg4 f5 36. Rxc6 Qe5 37. Qa2+ Kg7 38. Be2 Nc5 39. g3 Rd7 40. Rc8 Qc3 41. Kg2 Kh6 42. Qg8 Rd2 43. Rc7 Rd7 44. Rc6 Qg7 45. Qc4 Qb2 46. g4 fxg4 47. hxg4 Qe5 48. Qg8 Qg7 49. Qe8 Re7 50. Qd8 Ne6 51. Rxe6 1-0

[Event "Warsaw Superbet Blitz"]
[Site "Warsaw"]
[Date "2025.04.30"]
[Round "11"]
[White "Fedoseev, Vladimir1"]
[Black "Aravindh, Chithambaram VR"]
[Result "1-0"]
[WhiteElo "2739"]
[BlackElo "2749"]
[PlyCount "74"]
[EventDate "2025.04.29"]
[EventType "tourn (blitz)"]
[EventRounds "18"]
[EventCountry "POL"]
[EventCategory "19"]
[SourceTitle "CB18_2025"]
[SourceDate "2025.04.30"]
[SourceVersion "1"]
[SourceVersionDate "2025.04.30"]
[SourceQuality "1"]

1. d4 Nf6 2. Bg5 d5 3. e3 e6 4. Nd2 b6 5. Ngf3 Bb7 6. Bb5+ c6 7. Bd3 Be7 8. c4 Nbd7 9. 0-0 c5 10. cxd5 exd5 11. dxc5 bxc5 12. Qc2 0-0 13. Rad1 g6 14. Bb5 Rc8 15. Qa4 Nb6 16. Qxa7 Ra8 17. Qxb7 Rb8 18. Qc6 Rc8 19. Ne5 Rxc6 20. Nxc6 Qc7 21. e4 Kg7 22. Rfe1 Ng4 23. Bxe7 Qxh2+ 24. Kf1 Re8 25. Bxc5 Nc4 26. Bd4+ f6 27. Nxc4 dxc4 28. f3 Nh6 29. Bg1 Qf4 30. Nd4 Re5 31. Bxc4 Qh4 32. Ne6+ Rxe6 33. Bxe6 g5 34. Rd7+ Kg6 35. g4 Qh3+ 36. Ke2 Qg2+ 37. Bf2 Qh2 1-0

[Event "Warsaw Superbet Rapid"]
[Site "Warsaw"]
[Date "2025.04.27"]
[Round "5"]
[White "Aravindh, Chithambaram VR"]
[Black "Fedoseev, Vladimir1"]
[Result "1/2-1/2"]
[WhiteElo "2749"]
[BlackElo "2739"]
[PlyCount "94"]
[EventDate "2025.04.26"]
[EventType "tourn (rapid)"]
[EventRounds "9"]
[EventCountry "POL"]
[EventCategory "19"]
[SourceTitle "CB18_2025"]
[SourceDate "2025.04.30"]
[SourceVersion "1"]
[SourceVersionDate "2025.04.30"]
[SourceQuality "1"]

1. d4 d5 2. c4 e6 3. Nc3 a6 4. cxd5 exd5 5. Bf4 Nf6 6. e3 c5 7. dxc5 Bxc5 8. Nf3 Nc6 9. Be2 0-0 10. 0-0 Be6 11. Na4 Ba7 12. Ne5 Na5 13. b4 Nc4 14. Nc5 Qc8 15. a4 Rd8 16. Nb3 Ne4 17. Rc1 b5 18. Nd4 Bxd4 19. exd4 Qb7 20. Nd3 Qa7 21. Nc5 Bf5 22. Bg4 Bxg4 23. Qxg4 Re8 24. Rfe1 Qb6 25. Qf5 Rad8 26. axb5 Qxb5 27. Bc7 g6 28. Qf4 Rc8 29. h4 Qxb4 30. Nxe4 dxe4 31. d5 Nb2 32. d6 Nd3 33. Qe3 Nxe1 34. Rxe1 Qb5 35. h5 Qd7 36. h6 Rxc7 37. dxc7 Qxc7 38. Qd4 Re5 39. Rb1 f6 40. Qe3 Kf7 41. Qb3+ Re6 42. Qd5 Qc6 43. Rb7+ Ke8 44. Rb8+ Kf7 45. Rb7+ Ke8 46. Rb8+ Kf7 47. Rb7+ Ke8 1/2-1/2

[Event "Warsaw Superbet Rapid"]
[Site "Warsaw"]
[Date "2025.04.26"]
[Round "2"]
[White "Praggnanandhaa, Rameshbabu"]
[Black "Aravindh, Chithambaram VR"]
[Result "1-0"]
[WhiteElo "2758"]
[BlackElo "2749"]
[PlyCount "117"]
[EventDate "2025.04.26"]
[EventType "tourn (rapid)"]
[EventRounds "9"]
[EventCountry "POL"]
[EventCategory "19"]
[SourceTitle "CB18_2025"]
[SourceDate "2025.04.30"]
[SourceVersion "1"]
[SourceVersionDate "2025.04.30"]
[SourceQuality "1"]

1. c4 e6 2. Nc3 d5 3. d4 Be7 4. cxd5 exd5 5. Bf4 c6 6. e3 Bf5 7. Nge2 Nf6 8. Ng3 Be6 9. Bd3 0-0 10. Nf5 Bxf5 11. Bxf5 Re8 12. Qb3 Qb6 13. Qc2 Nbd7 14. h4 Rad8 15. 0-0-0 c5 16. g4 cxd4 17. Rxd4 Bb4 18. g5 Bxc3 19. bxc3 Ne4 20. f3 Nxc3 21. Bxd7 Ne2+ 22. Qxe2 Qxd4 23. exd4 Rxe2 24. Bg4 Rxa2 25. Re1 Ra1+ 26. Kd2 Rxe1 27. Kxe1 Re8+ 28. Kd2 f6 29. gxf6 gxf6 30. Bf5 a5 31. Bc7 a4 32. Bd6 b5 33. Ba3 Kf7 34. Bd3 Rg8 35. Bxb5 Rg2+ 36. Kc3 Rf2 37. Bxa4 Rxf3+ 38. Kb4 Ke6 39. h5 f5 40. Bc1 f4 41. Bc2 Rf1 42. Bd2 f3 43. Kc3 Rh1 44. Be3 Rxh5 45. Kd3 Kf5 46. Ba4 Kg4 47. Bf2 Kh3 48. Be8 Rh6 49. Bf7 Kg2 50. Ke3 Rb6 51. Bxd5 Rf6 52. Be4 Rf8 53. d5 h5 54. Bh4 Kh3 55. Be1 Kg2 56. d6 Rd8 57. Bxf3+ Kh2 58. Ba5 Re8+ 59. Kf2 1-0

[Event "Titled Tuesday intern op 01st Apr Early"]
[Site "Chess.com INT"]
[Date "2025.04.01"]
[Round "3"]
[White "Maximov, Dmitry"]
[Black "Aravindh, Chithambaram VR"]
[Result "1-0"]
[WhiteElo "2476"]
[BlackElo "2731"]
[PlyCount "77"]
[EventDate "2025.04.01"]
[EventType "swiss (blitz)"]
[EventRounds "11"]
[EventCountry "USA"]
[SourceTitle "CB15_2025"]
[SourceDate "2025.04.09"]
[SourceVersion "1"]
[SourceVersionDate "2025.04.09"]
[SourceQuality "1"]

1. e4 g6 2. d4 Bg7 3. Nc3 d6 4. Be3 c6 5. Qd2 Nd7 6. f3 b5 7. Nd1 Ngf6 8. Nf2 a5 9. Bd3 0-0 10. Ne2 e5 11. c3 d5 12. 0-0 Re8 13. Rad1 a4 14. Bh6 Bb7 15. Ng3 Qb6 16. Bxg7 Kxg7 17. Qg5 c5 18. Bb1 cxd4 19. cxd4 exd4 20. Rxd4 Re5 21. Qd2 Rae8 22. f4 Rxe4 23. Bxe4 dxe4 24. Re1 Nc5 25. Rd6 Qc7 26. Rxf6 Kxf6 27. Qd4+ Ke7 28. Nfxe4 Ne6 29. Qb4+ Kd8 30. Rd1+ Kc8 31. Nd6+ Kb8 32. Nxe8 Qb6+ 33. Kf1 Qe3 34. Qd2 Bxg2+ 35. Qxg2 Nxf4 36. Rd8+ Ka7 37. Qa8+ Kb6 38. Rb8+ Kc5 39. Qa7+ 1-0

[Event "Titled Tuesday intern op 01st Apr Early"]
[Site "Chess.com INT"]
[Date "2025.04.01"]
[Round "1"]
[White "Rasti, Arvin"]
[Black "Aravindh, Chithambaram VR"]
[Result "0-1"]
[WhiteElo "2237"]
[BlackElo "2731"]
[PlyCount "110"]
[EventDate "2025.04.01"]
[EventType "swiss (blitz)"]
[EventRounds "11"]
[EventCountry "USA"]
[SourceTitle "CB15_2025"]
[SourceDate "2025.04.09"]
[SourceVersion "1"]
[SourceVersionDate "2025.04.09"]
[SourceQuality "1"]

1. Nf3 g6 2. g3 Bg7 3. Bg2 e5 4. 0-0 d5 5. d3 Ne7 6. c4 Nbc6 7. cxd5 Nxd5 8. Nc3 Nde7 9. Qa4 0-0 10. Qh4 Nf5 11. Qxd8 Rxd8 12. Bg5 f6 13. Bd2 Ncd4 14. Rac1 c6 15. Rfe1 Be6 16. b3 Nxf3+ 17. Bxf3 Nd4 18. Bg2 Bf7 19. Na4 f5 20. Bc3 Ne6 21. Bb2 Rd7 22. Nc5 Nxc5 23. Rxc5 Re8 24. Rc2 Bf8 25. h4 a5 26. Bc3 Bb4 27. Rec1 Bxc3 28. Rxc3 Rd4 29. Rc5 a4 30. bxa4 Rxa4 31. Rb1 Re7 32. Rc2 Rxa2 33. Rxa2 Bxa2 34. Ra1 Bf7 35. Ra7 Kf8 36. Kf1 e4 37. dxe4 fxe4 38. Ke1 Bd5 39. Bh3 b5 40. Ra8+ Kg7 41. Kd2 e3+ 42. fxe3 b4 43. Rb8 c5 44. h5 Rc7 45. hxg6 hxg6 46. Rc8 Rxc8 47. Bxc8 Kf6 48. Ba6 g5 49. Kd3 Ke5 50. Bb5 Be6 51. Ba6 Ba2 52. Kd2 c4 53. Bb5 c3+ 54. Kc2 Bd5 55. Bd3 Be6 0-1

[Event "Titled Tuesday intern op 01st Apr Early"]
[Site "Chess.com INT"]
[Date "2025.04.01"]
[Round "11"]
[White "Reshetnikov, Alexey"]
[Black "Aravindh, Chithambaram VR"]
[Result "1-0"]
[WhiteElo "2492"]
[BlackElo "2731"]
[PlyCount "57"]
[EventDate "2025.04.01"]
[EventType "swiss (blitz)"]
[EventRounds "11"]
[EventCountry "USA"]
[SourceTitle "CB15_2025"]
[SourceDate "2025.04.09"]
[SourceVersion "1"]
[SourceVersionDate "2025.04.09"]
[SourceQuality "1"]

1. d4 e6 2. c4 c5 3. d5 exd5 4. cxd5 d6 5. Nc3 g6 6. Nf3 Bg7 7. Nd2 Qa5 8. e4 a6 9. Nc4 Qc7 10. Bf4 Bf8 11. e5 dxe5 12. Bxe5 Qe7 13. d6 Qg5 14. Bxh8 Nc6 15. Nd5 Kd8 16. Be2 Be6 17. Ndb6 Rb8 18. 0-0 Nh6 19. Qc1 Qf5 20. Bc3 Nd4 21. Qd2 Bg7 22. Rfe1 Ng4 23. Bxg4 Qxg4 24. Bxd4 Bxd4 25. Rad1 h5 26. b4 h4 27. h3 Qf5 28. bxc5 Bxc5 29. Re5 1-0

[Event "Bundesliga 2425"]
[Site "Germany"]
[Date "2025.03.23"]
[Round "11.1"]
[White "Vrolijk, Liam"]
[Black "Aravindh, Chithambaram VR"]
[Result "0-1"]
[WhiteElo "2526"]
[BlackElo "2698"]
[PlyCount "98"]
[EventDate "2024.09.28"]
[EventType "team-tourn"]
[EventRounds "15"]
[EventCountry "GER"]
[SourceTitle "CB13_2025"]
[SourceDate "2025.03.26"]
[SourceVersion "1"]
[SourceVersionDate "2025.03.26"]
[SourceQuality "1"]
[WhiteTeam "Muelheim Nord"]
[BlackTeam "Viernheim"]
[WhiteTeamCountry "GER"]
[BlackTeamCountry "GER"]

1. d4 Nf6 2. c4 e6 3. Nf3 Bb4+ 4. Nbd2 0-0 5. a3 Be7 6. e4 d6 7. Be2 Nfd7 8. b4 e5 9. d5 a5 10. Bb2 axb4 11. axb4 Rxa1 12. Qxa1 c5 13. b5 Nf6 14. h3 g6 15. 0-0 Nh5 16. Re1 Nd7 17. g3 Ng7 18. Bf1 f5 19. exf5 gxf5 20. Bg2 Qe8 21. Nh2 Qg6 22. Kh1 Bf6 23. Ndf1 Kh8 24. Ne3 Bg5 25. Qb1 Nf6 26. Nf3 Bh6 27. Nf1 Qh5 28. N1h2 Nge8 29. Ng1 Bg7 30. Ne2 Ne4 31. Kg1 Ng5 32. h4 Nf7 33. f4 Qg6 34. Nf1 Nf6 35. fxe5 dxe5 36. Qd3 Ne8 37. Qe3 b6 38. Nc1 Ned6 39. Qc3 Rg8 40. Nd3 f4 41. Nxe5 Qf6 42. Qf3 Nxe5 43. Bxe5 Qxe5 44. Rxe5 Bxe5 45. gxf4 Bd4+ 46. Kh2 Rg4 47. Kh1 Bf5 48. Nh2 Rg8 49. Qe2 Bh3 0-1

[Event "Titled Tuesday intern op 18th Mar Late"]
[Site "Chess.com INT"]
[Date "2025.03.18"]
[Round "5"]
[White "Aravindh, Chithambaram VR"]
[Black "Gelman, Alexander"]
[Result "1-0"]
[WhiteElo "2731"]
[BlackElo "2403"]
[PlyCount "57"]
[EventDate "2025.03.18"]
[EventType "swiss (blitz)"]
[EventRounds "11"]
[EventCountry "USA"]
[SourceTitle "CB13_2025"]
[SourceDate "2025.03.26"]
[SourceVersion "1"]
[SourceVersionDate "2025.03.26"]
[SourceQuality "1"]

1. Nf3 c5 2. c3 b6 3. d4 Bb7 4. Bf4 d6 5. e3 Nd7 6. Nbd2 Ngf6 7. h3 a6 8. Bh2 h6 9. Bd3 g5 10. e4 g4 11. hxg4 Nxg4 12. Bg3 e6 13. Qe2 b5 14. d5 Rg8 15. 0-0-0 Qa5 16. Kb1 0-0-0 17. c4 Nb6 18. cxb5 axb5 19. dxe6 fxe6 20. Bxb5 Bg7 21. Nc4 Nxc4 22. Qxc4 Kb8 23. Rxd6 Ka8 24. Ba6 Rxd6 25. Bxb7+ Kxb7 26. Bxd6 Nxf2 27. Rc1 Rc8 28. e5 Bf8 29. Qe2 1-0